000 00655nam a2200193 a 4500
001 2066
003 CO-ViMGA
008 141112s2004 ck r 000 u spa d
040 _aCO-ViMGA
_bspa
_cCO-ViMGA
082 0 4 _a616.8917 M455p
100 1 _aMiller, Dominique y Gerard
_950807
245 1 0 _aPsicoanálisis :
_buna cita con el síntoma /
_cDominique y Gerard Miller
260 _aBarcelona :
_bGedisa,
_c1994
300 _a166 p
490 _aFreudiana
505 _aQue es el destino? 11 - - Cuando un psicoanalista pone su veto? 54 - - Cuando la muerte habla 130 - - La niña de las manos ciegas 154
650 1 4 _aPSICOANALISIS
942 _2ddc
_cBK
999 _c14209
_d14209